|
|
|
|
| LEADER |
00000nam0a2200000 4500 |
| 001 |
34204 |
| 005 |
20231030224426.0 |
| 035 |
|
|
|a (RuTPU)RU\TPU\book\34588
|
| 035 |
|
|
|a BOOK00001239
|
| 090 |
|
|
|a 34204
|
| 100 |
|
|
|a 20011210d1973 k y0rusy50 ca
|
| 101 |
0 |
|
|a rus
|
| 102 |
|
|
|a RU
|
| 105 |
|
|
|a a z 000zy
|
| 200 |
1 |
|
|a Раздельное управление реверсивными тиристорными преобразователями
|f В. А. Барский
|
| 210 |
|
|
|a Москва
|c Энергия
|d 1973
|
| 215 |
|
|
|a 112 с.
|c черт.
|
| 610 |
1 |
|
|a автоматика
|
| 610 |
1 |
|
|a локальные системы
|
| 610 |
1 |
|
|a преобразователи полупроводниковые
|
| 610 |
1 |
|
|a управление
|
| 675 |
|
|
|a 621.314.5
|v 3
|
| 700 |
|
1 |
|a Барский
|b В. А.
|g Виктор Алексеевич
|
| 801 |
|
0 |
|a RU
|b 63413507
|c 20011210
|g PSBO
|
| 801 |
|
2 |
|a RU
|b 63413507
|c 20210114
|g PSBO
|
| 900 |
|
|
|a Локальные системы автоматики
|
| 942 |
|
|
|c BK
|